|
|
|
|
| LEADER |
00738cam a2200205 7i4500 |
| 001 |
0000040514 |
| 005 |
20170218090000.0 |
| 020 |
|
|
|a 0132126958 (hbk.)
|
| 020 |
|
|
|a 9780132126953 (hbk.)
|
| 090 |
0 |
0 |
|a TK5105.5
|b .T37 2011
|
| 100 |
1 |
|
|a Tanenbaum, Andrew S
|
| 245 |
1 |
0 |
|a Computer networks
|c Andrew S. Tanenbaum, David J. Wetherall.
|
| 250 |
|
|
|a 5th ed.
|
| 260 |
|
|
|a Boston:
|b Pearson/Prentice Hall,
|c 2011.
|
| 300 |
|
|
|a xxii, 933 p.:
|b ill.;
|c 24 cm.
|
| 650 |
0 |
0 |
|a Computer networks
|
| 700 |
1 |
|
|a Wetherall, David J
|
| 997 |
|
|
|a Communication, Visual Art & Computing, Faculty
|b Computing, Department
|
| 998 |
|
|
|a Computer Science (Network Security and Digital Forensic), Degree
|
| 999 |
|
|
|a 0000054204
|b BOK
|c OPEN SHELF
|e 2nd Floor, Bestari Jaya
|